000 00531nam a2200217Ia 4500
005 20241216010006.0
008 180423s9999||||xx |||||||||||||| ||und||
082 _a330
_bC11
100 _aCAFFE, FEDERICO
245 0 _aECONOMISTAS MODERNOS
250 _a0
260 _aMEXICO
_bU.T.E.H.A.
_c1963
300 _a306 pag.
_c17 cm
341 _h0
490 _v0
_a0
505 _aMERCADO-FORMAS CONCRETAS/TEORIAS-POLITICAS
541 _aC
_d19-Mar-96
650 _aCIENCIAS SOCIALES
856 _zHumanidades
942 _cLIBRO
999 _c2643
_d2643